000 00309 a2200109 4500
001 ART_50861
005 20260410161945.0
008 260409a
245 1 0 _a"De vidrios rotos a vitreaux"
100 1 _aFavier, Daniela
773 0 _tTemas de derecho laboral
_g- N° 5 (mayo 2020)
_wREV27619
999 _c29851
_d29851